[Event "Cultural Village Chess Tournament 2007"]
[Site "Wijk aan Zee"]
[Date "2007.11.23"]
[Round "5.3"]
[White "Reinderman, Dimitri"]
[Black "Rogozenko, Dorian"]
[Result "1/2-1/2"]
[WhiteElo "2510"]
[BlackElo "2519"]
[PlyCount "67"]
[EventDate "2007.11.19"]
[EventType "tourn"]
[EventRounds "9"]
[EventCountry "NED"]
[Source "lmi"]
[SourceDate "2007.11.19"]

1. e4 c5 2. Nf3 e6 3. d4 cxd4 4. Nxd4 Nf6 5. Nc3 Nc6 6. Ndb5 d6 7. Bf4 e5 8.
Bg5 a6 9. Na3 b5 10. Bxf6 gxf6 11. Nd5 f5 12. Bd3 Be6 13. O-O Bxd5 14. exd5 Ne7
15. Re1 Bg7 16. Rb1 O-O 17. c4 e4 18. Bf1 Ng6 19. cxb5 axb5 20. Bxb5 Bxb2 21.
Nc4 Be5 22. a4 Qf6 23. Nb6 Ra7 24. Nd7 Qg7 25. Nxf8 Nh4 26. g3 Nf3+ 27. Kg2
Nxe1+ 28. Qxe1 Kxf8 29. Qe3 Bd4 30. Qf4 Qf6 31. Re1 Be5 32. Qe3 Bd4 33. Qf4 Be5
34. Qe3 1/2-1/2

[Event "Cultural Village Chess Tournament 2007"]
[Site "Wijk aan Zee"]
[Date "2007.11.23"]
[Round "5.5"]
[White "Vasilev, Milen"]
[Black "Ris, Robert"]
[Result "1/2-1/2"]
[WhiteElo "2465"]
[BlackElo "2381"]
[PlyCount "154"]
[EventDate "2007.11.19"]
[EventType "tourn"]
[EventRounds "9"]
[EventCountry "NED"]
[Source "lmi"]
[SourceDate "2007.11.19"]

1. d4 Nf6 2. c4 g6 3. Nc3 d5 4. cxd5 Nxd5 5. e4 Nxc3 6. bxc3 Bg7 7. Bc4 c5 8.
Ne2 Nc6 9. Be3 cxd4 10. cxd4 Qa5+ 11. Bd2 Qd8 12. Bc3 O-O 13. O-O Bg4 14. f3
Bd7 15. Qd2 a6 16. a4 Rc8 17. Bd5 b5 18. axb5 axb5 19. Ra6 e6 20. Bxc6 Rxc6 21.
Rfa1 Qc8 22. Ra7 Rc7 23. Bb4 Re8 24. Rxc7 Qxc7 25. Rc1 Qb7 26. Kf2 Rc8 27. Rc5
Bf8 28. Rxc8 Qxc8 29. Ke3 Bh6+ 30. f4 f5 31. exf5 gxf5 32. Qe1 Qc4 33. Qg3+ Kf7
34. Qh4 Qxb4 35. Qxh6 Qa3+ 36. Kf2 Kg8 37. Qg5+ Kf7 38. Qd8 Qe7 39. Qc7 Be8 40.
Qe5 b4 41. Qb8 Qh4+ 42. g3 Qxh2+ 43. Ke3 Qh1 44. Qxb4 Bc6 45. Qb8 Qe4+ 46. Kd2
h6 47. Qc7+ Ke8 48. Qe5 Kf7 49. Qxe4 Bxe4 50. Nc3 Bc6 51. Kd3 Ke7 52. Kc4 Kd6
53. Nd1 Bd7 54. Ne3 Bc6 55. Kb4 Be8 56. Ka5 Kc6 57. Kb4 Kd6 58. Kc3 Bb5 59. Kd2
Ba6 60. Nc2 Bc4 61. Kc3 Ba6 62. Nb4 Bf1 63. Kd2 Bb5 64. Ke3 Bc4 65. Nc2 Bd5 66.
Na3 Kc6 67. Nb1 Kb5 68. Nd2 Kb4 69. Kd3 Bc6 70. d5 Bxd5 71. Kd4 Kb5 72. Nf1 Kc6
73. Ke5 Kd7 74. Ne3 Bb3 75. Nf1 Ke7 76. Nd2 Bd5 77. Nf1 Bc4 1/2-1/2

[Event "Cultural Village Chess Tournament 2007"]
[Site "Wijk aan Zee"]
[Date "2007.11.25"]
[Round "6.1"]
[White "Willemze, Thomas"]
[Black "Ris, Robert"]
[Result "1/2-1/2"]
[WhiteElo "2417"]
[BlackElo "2381"]
[PlyCount "43"]
[EventDate "2007.11.19"]
[EventType "tourn"]
[EventRounds "9"]
[EventCountry "NED"]
[Source "lmi"]
[SourceDate "2007.11.19"]

1. e4 c6 2. d4 d5 3. Nd2 dxe4 4. Nxe4 Bf5 5. Ng3 Bg6 6. h4 h6 7. Nh3 e6 8. Nf4
Bh7 9. Bc4 Nf6 10. Qe2 Bd6 11. O-O Bxf4 12. Bxf4 O-O 13. c3 Nbd7 14. h5 Nd5 15.
Bxd5 exd5 16. Rfe1 Re8 17. Qf3 Qf6 18. Qg4 Nf8 19. Be5 Qg5 20. Qxg5 hxg5 21. f3
f6 22. Bd6 1/2-1/2

[Event "Cultural Village Chess Tournament 2007"]
[Site "Wijk aan Zee"]
[Date "2007.11.25"]
[Round "6.2"]
[White "Den Heeten, Djurre"]
[Black "Vasilev, Milen"]
[Result "1-0"]
[WhiteElo "2258"]
[BlackElo "2465"]
[PlyCount "143"]
[EventDate "2007.11.19"]
[EventType "tourn"]
[EventRounds "9"]
[EventCountry "NED"]
[Source "lmi"]
[SourceDate "2007.11.19"]

1. d4 Nf6 2. Bg5 e6 3. e3 c5 4. Nd2 Nc6 5. c3 b6 6. Bd3 h6 7. Bh4 Bb7 8. Ngf3
d5 9. O-O Be7 10. Qe2 O-O 11. Rad1 Rc8 12. Bb1 Qc7 13. Rfe1 Rfe8 14. Qd3 g6 15.
Bg3 Qd8 16. Nh4 Bf8 17. dxc5 bxc5 18. e4 Bg7 19. e5 Nd7 20. f4 Qb6 21. Qc2 Ba6
22. Bf2 Rb8 23. b3 Red8 24. g4 Nf8 25. b4 Nxb4 26. cxb4 Qxb4 27. Qxc5 Qxf4 28.
Qd4 Qg5 29. Nhf3 Qe7 30. Qxa7 Bb7 31. Nb3 Ra8 32. Qc5 Qe8 33. Bd4 Rdc8 34. Qb4
Ba6 35. Nc5 Rcb8 36. Qd2 Bc4 37. a4 Nd7 38. Nxd7 Qxd7 39. a5 Qa4 40. Bb6 Bb3
41. Rc1 Qxg4+ 42. Qg2 Qb4 43. Bd3 Rxb6 44. axb6 Qxb6+ 45. Qf2 Qd8 46. Ra1 Rc8
47. Rec1 Bc4 48. Bxc4 dxc4 49. Rd1 Qe8 50. Qb6 c3 51. Rac1 Bf8 52. Kg2 c2 53.
Rd2 Qa4 54. Qd4 Bb4 55. Re2 Qb3 56. Qd7 Rc4 57. Qd8+ Bf8 58. h3 Rc3 59. Rf2 Rd3
60. Qa8 Rc3 61. Qe4 Rc4 62. Qe2 Bc5 63. Rxc2 Rc3 64. Rxc3 Qxc3 65. Qc2 Qb4 66.
Qb2 Qf4 67. Rc2 Bf8 68. Qd4 Qf5 69. Rc8 f6 70. exf6 Qb5 71. Qe5 Qd7 72. Qc7 1-0

[Event "Cultural Village Chess Tournament 2007"]
[Site "Wijk aan Zee"]
[Date "2007.11.25"]
[Round "6.4"]
[White "Akesson, Ralf"]
[Black "Reinderman, Dimitri"]
[Result "1/2-1/2"]
[WhiteElo "2468"]
[BlackElo "2510"]
[PlyCount "62"]
[EventDate "2007.11.19"]
[EventType "tourn"]
[EventRounds "9"]
[EventCountry "NED"]
[Source "lmi"]
[SourceDate "2007.11.19"]

1. d4 f5 2. g3 Nf6 3. Bg2 g6 4. Nf3 Bg7 5. O-O O-O 6. c4 d6 7. Nc3 c6 8. b3 Qa5
9. Bd2 Qc7 10. d5 Na6 11. Rc1 e5 12. dxe6 Bxe6 13. Ng5 Qe7 14. e4 fxe4 15.
Ncxe4 Nxe4 16. Nxe4 Qd7 17. Re1 Nc5 18. Bb4 Nxe4 19. Rxe4 Rad8 20. Qe2 Rfe8 21.
Rd1 d5 22. cxd5 cxd5 23. Re3 d4 24. Re4 h5 25. Qd2 Bf5 26. Rxe8+ Rxe8 27. Bf1
b6 28. Bd3 Kh7 29. Bxf5 Qxf5 30. Qd3 Qg5 31. Re1 Rxe1+ 1/2-1/2

[Event "Cultural Village Chess Tournament 2007"]
[Site "Wijk aan Zee"]
[Date "2007.11.25"]
[Round "6.5"]
[White "Van Oosterom, Chiel"]
[Black "Brandenburg, Daan"]
[Result "1/2-1/2"]
[WhiteElo "2401"]
[BlackElo "2483"]
[PlyCount "79"]
[EventDate "2007.11.19"]
[EventType "tourn"]
[EventRounds "9"]
[EventCountry "NED"]
[Source "lmi"]
[SourceDate "2007.11.19"]

1. e4 c5 2. c3 d5 3. exd5 Qxd5 4. d4 Nf6 5. Nf3 e6 6. Be3 cxd4 7. cxd4 Nc6 8.
Nc3 Qd6 9. a3 g6 10. Qd2 Bg7 11. Bf4 Qd8 12. Bb5 O-O 13. Bxc6 bxc6 14. O-O Ba6
15. Rfe1 Bc4 16. Ne5 Bd5 17. Rac1 Nd7 18. Bh6 Re8 19. Bxg7 Kxg7 20. Qf4 Qf6 21.
Nxd5 cxd5 22. Qxf6+ Nxf6 23. Rc7 Rf8 24. Rec1 a5 25. g3 Ne4 26. Rd7 Rad8 27.
Ra7 Ra8 28. Re7 Nd6 29. Rcc7 Kg8 30. g4 Rae8 31. Rxe8 Rxe8 32. Rd7 Ne4 33. Nxf7
Rb8 34. Nh6+ Kf8 35. b4 axb4 36. Rf7+ Ke8 37. Rxh7 Rb6 38. axb4 Rxb4 39. Rg7 g5
40. f3 1/2-1/2

[Event "Cultural Village Chess Tournament 2007"]
[Site "Wijk aan Zee"]
[Date "2007.11.26"]
[Round "7.1"]
[White "Brandenburg, Daan"]
[Black "Willemze, Thomas"]
[Result "1/2-1/2"]
[WhiteElo "2483"]
[BlackElo "2417"]
[PlyCount "129"]
[EventDate "2007.11.19"]
[EventType "tourn"]
[EventRounds "9"]
[EventCountry "NED"]
[Source "lmi"]
[SourceDate "2007.11.19"]

1. e4 c6 2. d4 d5 3. e5 Bf5 4. Nf3 e6 5. Be2 Ne7 6. O-O h6 7. Nbd2 Nd7 8. Nb3
Nc8 9. a4 Be7 10. Be3 O-O 11. Ne1 c5 12. Nxc5 Bxc5 13. dxc5 Nxe5 14. f4 Nd7 15.
Nf3 Ne7 16. b4 Be4 17. Nd4 Nf5 18. Nxf5 Bxf5 19. Bd4 Nf6 20. a5 a6 21. Bb2 Qe7
22. Ra3 Rfd8 23. Rg3 Bg6 24. Qd4 Qf8 25. Bd3 Ne4 26. Re3 f6 27. Rd1 Re8 28.
Rde1 Rad8 29. Rf3 Qf7 30. Qe3 Qd7 31. Rg3 Nxg3 32. Bxg6 Ne4 33. Bxe8 Rxe8 34.
c4 Qa4 35. cxd5 exd5 36. Qd4 Kh8 37. Rc1 Qb3 38. Bc3 Qa2 39. Bb2 Qb3 40. Bc3
Qa2 41. Bb2 Nc3 42. Bxc3 Re2 43. Re1 Rxg2+ 44. Kf1 Kg8 45. Qe3 Rxh2 46. Re2 Qc4
47. Be1 Rxe2 48. Qxe2 Qxf4+ 49. Kg2 Kf7 50. Qh5+ Ke6 51. Qe8+ Kf5 52. Qd7+ Ke4
53. Qe6+ Kd4 54. Bf2+ Kc4 55. b5 Kxb5 56. Qb6+ Kc4 57. Qxb7 Qg4+ 58. Kh2 Qh5+
59. Kg3 Qe5+ 60. Kg2 Qe4+ 61. Kh2 Qe5+ 62. Kg2 Qe4+ 63. Kf1 Qh1+ 64. Ke2 Qe4+
65. Kf1 1/2-1/2

[Event "Cultural Village Chess Tournament 2007"]
[Site "Wijk aan Zee"]
[Date "2007.11.26"]
[Round "7.2"]
[White "Reinderman, Dimitri"]
[Black "Van Oosterom, Chiel"]
[Result "1-0"]
[WhiteElo "2510"]
[BlackElo "2401"]
[PlyCount "95"]
[EventDate "2007.11.19"]
[EventType "tourn"]
[EventRounds "9"]
[EventCountry "NED"]
[Source "lmi"]
[SourceDate "2007.11.19"]

1. e4 c5 2. Nf3 d6 3. d4 cxd4 4. Nxd4 Nf6 5. Nc3 a6 6. Bd3 g6 7. f4 Bg7 8. Nf3
Nc6 9. O-O O-O 10. Qe1 b5 11. Qh4 e6 12. f5 Nd7 13. Qh3 Nde5 14. Ng5 h6 15. f6
Bxf6 16. Qxh6 Bxg5 17. Bxg5 f6 18. Be3 Qe7 19. Qf4 Bb7 20. Qg3 Rf7 21. Rf2 Kg7
22. Raf1 Rh8 23. Ne2 Nb8 24. Nf4 Nbd7 25. h4 Bc6 26. h5 g5 27. Ng6 Nxg6 28.
hxg6 Rff8 29. Bxg5 Rh5 30. Be3 Rfh8 31. Rf4 Ne5 32. Qe1 R5h6 33. Qa5 Bb7 34.
Qe1 Bc6 35. a3 f5 36. exf5 Rh1+ 37. Kf2 R1h2 38. Ke2 Bxg2 39. R1f2 exf5 40.
Rxf5 Bf3+ 41. Kd2 Rh1 42. Rf7+ Qxf7 43. gxf7 Rxe1 44. Kxe1 Rh1+ 45. Kd2 Kxf7
46. Bd4 Rh3 47. Bxe5 dxe5 48. Be4 1-0

[Event "Cultural Village Chess Tournament 2007"]
[Site "Wijk aan Zee"]
[Date "2007.11.26"]
[Round "7.3"]
[White "Armas, Julius"]
[Black "Akesson, Ralf"]
[Result "1-0"]
[WhiteElo "2366"]
[BlackElo "2468"]
[PlyCount "69"]
[EventDate "2007.11.19"]
[EventType "tourn"]
[EventRounds "9"]
[EventCountry "NED"]
[Source "lmi"]
[SourceDate "2007.11.19"]

1. e4 c5 2. d3 Nc6 3. g3 d5 4. Nd2 e5 5. Bg2 Nf6 6. Ne2 Be7 7. O-O O-O 8. h3
Re8 9. Kh2 dxe4 10. Nxe4 Nxe4 11. Bxe4 f5 12. Bg2 Be6 13. f4 Bd5 14. Bxd5+ Qxd5
15. Nc3 Qd7 16. fxe5 Nxe5 17. Bf4 Bf6 18. Qd2 Rad8 19. Qf2 Nc6 20. Rae1 Nd4 21.
Qg2 b5 22. Nd5 Qf7 23. c3 Rxe1 24. Nxf6+ Qxf6 25. Rxe1 Nc6 26. Qe2 g5 27. Bc7
Rc8 28. Be5 Qg6 29. Qf2 Rd8 30. Qxc5 Rxd3 31. Bd4 Nxd4 32. cxd4 Rd2+ 33. Kg1
Qf6 34. Qc8+ Kg7 35. Qd7+ 1-0

[Event "Cultural Village Chess Tournament 2007"]
[Site "Wijk aan Zee"]
[Date "2007.11.26"]
[Round "7.4"]
[White "Vasilev, Milen"]
[Black "Rogozenko, Dorian"]
[Result "0-1"]
[WhiteElo "2465"]
[BlackElo "2519"]
[PlyCount "66"]
[EventDate "2007.11.19"]
[EventType "tourn"]
[EventRounds "9"]
[EventCountry "NED"]
[Source "lmi"]
[SourceDate "2007.11.19"]

1. d4 Nf6 2. c4 e6 3. Nf3 c5 4. d5 b5 5. dxe6 fxe6 6. cxb5 d5 7. g3 Bd6 8. Bg2
a6 9. bxa6 O-O 10. O-O Bxa6 11. Re1 Nc6 12. Ng5 Qe7 13. e4 d4 14. e5 Nxe5 15.
Bf4 Nfd7 16. Bxe5 Nxe5 17. f4 Rab8 18. b3 Bc7 19. Nxh7 Kxh7 20. fxe5 Kg8 21.
Nd2 Rf5 22. Bh3 Rbf8 23. Bxf5 Rxf5 24. Qg4 Bb7 25. Rf1 Qd7 26. Rae1 Ba5 27. Ne4
Qc6 28. Rxf5 exf5 29. Nf6+ Kf7 30. Qh5+ Ke6 31. Re4 gxf6 32. Qg6 fxe4 33. Qxf6+
Kd7 0-1

[Event "Cultural Village Chess Tournament 2007"]
[Site "Wijk aan Zee"]
[Date "2007.11.27"]
[Round "8.1"]
[White "Willemze, Thomas"]
[Black "Den Heeten, Djurre"]
[Result "1-0"]
[WhiteElo "2417"]
[BlackElo "2258"]
[PlyCount "175"]
[EventDate "2007.11.19"]
[EventType "tourn"]
[EventRounds "9"]
[EventCountry "NED"]
[Source "lmi"]
[SourceDate "2007.11.19"]

1. e4 c5 2. Nf3 Nc6 3. d4 cxd4 4. Nxd4 e5 5. Nb5 a6 6. Nd6+ Bxd6 7. Qxd6 Qf6 8.
Qxf6 Nxf6 9. Nc3 Nb4 10. Bd3 Nxd3+ 11. cxd3 d6 12. Bg5 Be6 13. Bxf6 gxf6 14. f4
exf4 15. O-O f5 16. exf5 Bxf5 17. Rae1+ Kd8 18. Rxf4 Bg6 19. Rd4 Rc8 20. Rxd6+
Kc7 21. Rf6 Rhd8 22. Rd1 Rd4 23. Ne2 Rb4 24. Rd2 Re8 25. Nf4 Rd4 26. h4 Kd8 27.
Rf2 Re1+ 28. Kh2 h5 29. g3 Bxd3 30. Nxd3 Rxd3 31. Rxf7 Rd7 32. R7f5 Rh7 33. Kh3
Re3 34. Rg5 Re1 35. Rc2 Rh1+ 36. Kg2 Rd1 37. Rgc5 Rhd7 38. Rxh5 R7d2+ 39. Rxd2+
Rxd2+ 40. Kh3 Rxb2 41. Ra5 Ke7 42. Ra3 Kf6 43. Kg4 Rc2 44. Rf3+ Kg7 45. a3 Rc4+
46. Rf4 Rc5 47. Rd4 b5 48. a4 bxa4 49. Rxa4 a5 50. Kf4 Rh5 51. Rc4 Kg6 52. Rc6+
Kg7 53. Ra6 Kf7 54. Kg4 Rb5 55. h5 Kg7 56. Kh4 Kh7 57. Ra7+ Kg8 58. g4 Rc5 59.
h6 Rb5 60. g5 Rc5 61. g6 Rc4+ 62. Kg5 Rc5+ 63. Kf4 Rc4+ 64. Ke5 Rc5+ 65. Kd4
Rc8 66. Rxa5 Re8 67. Re5 Rd8+ 68. Ke4 Rf8 69. Rf5 Ra8 70. Kf4 Ra1 71. Kg5 Rg1+
72. Kf6 Rh1 73. Rd5 Rf1+ 74. Ke5 Re1+ 75. Kf4 Rf1+ 76. Ke3 Re1+ 77. Kd2 Re8 78.
Rd7 Kh8 79. Kd3 Kg8 80. Kd4 Kh8 81. Kd5 Kg8 82. Kd6 Kh8 83. Kc7 Ra8 84. Rd8+
Rxd8 85. Kxd8 Kg8 86. Ke7 Kh8 87. Kf6 Kg8 88. g7 1-0

[Event "Cultural Village Chess Tournament 2007"]
[Site "Wijk aan Zee"]
[Date "2007.11.27"]
[Round "8.2"]
[White "Rogozenko, Dorian"]
[Black "Ris, Robert"]
[Result "1/2-1/2"]
[WhiteElo "2519"]
[BlackElo "2381"]
[PlyCount "74"]
[EventDate "2007.11.19"]
[EventType "tourn"]
[EventRounds "9"]
[EventCountry "NED"]
[Source "lmi"]
[SourceDate "2007.11.19"]

1. c4 Nf6 2. Nc3 d5 3. cxd5 Nxd5 4. g3 g6 5. Bg2 Nb6 6. d3 Bg7 7. Be3 O-O 8.
Qd2 Nc6 9. Bxc6 bxc6 10. Bh6 Bg4 11. h3 Be6 12. h4 f6 13. Nf3 Bg4 14. Nh2 Bh3
15. O-O-O Nd5 16. Bxg7 Kxg7 17. e4 Nxc3 18. Qxc3 Qd6 19. Rd2 Rab8 20. Kb1 Rb6
21. Rc1 Rfb8 22. Nf3 Bd7 23. Nd4 Be8 24. Nb3 Bf7 25. Nc5 Rb4 26. f4 Rd4 27. b3
e5 28. fxe5 Qxe5 29. g4 Rbd8 30. Rf2 Bc4 31. b4 Bxd3+ 32. Nxd3 Qxe4 33. Rd1
Rxd3 34. Qxf6+ Kh6 35. Qg5+ Kg7 36. Qf6+ Kh6 37. Qg5+ Kg7 1/2-1/2

[Event "Cultural Village Chess Tournament 2007"]
[Site "Wijk aan Zee"]
[Date "2007.11.27"]
[Round "8.3"]
[White "Akesson, Ralf"]
[Black "Vasilev, Milen"]
[Result "1-0"]
[WhiteElo "2468"]
[BlackElo "2465"]
[PlyCount "151"]
[EventDate "2007.11.19"]
[EventType "tourn"]
[EventRounds "9"]
[EventCountry "NED"]
[Source "lmi"]
[SourceDate "2007.11.19"]

1. Nf3 d5 2. d4 c6 3. e3 Nf6 4. c4 Bf5 5. Nc3 e6 6. Nh4 Be4 7. f3 Bg6 8. Qb3
Qc7 9. Bd2 Nbd7 10. Rc1 Qb6 11. Be2 Qxb3 12. axb3 Bb4 13. O-O O-O 14. Rfd1 Rfe8
15. g4 e5 16. dxe5 Nxe5 17. g5 Nfd7 18. cxd5 Nc5 19. Nb1 Bxd2 20. Nxd2 Ncd3 21.
Rc3 Nxb2 22. Ra1 cxd5 23. f4 d4 24. exd4 Nc6 25. Bg4 Rad8 26. Nxg6 hxg6 27. Rb1
Rxd4 28. Rxb2 Rxf4 29. h3 Nd4 30. Kg2 Nf5 31. Nf3 a5 32. Bxf5 Rxf5 33. Rbc2 Rb5
34. Rd3 Rf5 35. Rc7 b5 36. Ra7 b4 37. Kg3 Kf8 38. h4 Kg8 39. Rad7 Kf8 40. R7d4
Rb8 41. Kg4 Rc5 42. Rd7 Re8 43. R3d4 Re7 44. R7d5 Rxd5 45. Rxd5 Re4+ 46. Kg3
Re3 47. Rxa5 Rxb3 48. Ra7 Rb1 49. Rb7 Ke8 50. Nd4 Rg1+ 51. Kf4 Rh1 52. Nf3 Rb1
53. Ke5 b3 54. Nd2 Rh1 55. Ne4 b2 56. Rxb2 Rxh4 57. Nd6+ Kf8 58. Rb8+ Ke7 59.
Rb7+ Kf8 60. Rxf7+ Kg8 61. Rc7 Rh1 62. Ne4 Re1 63. Rc2 Kh7 64. Kf4 Rf1+ 65. Rf2
Rd1 66. Nd2 Kg8 67. Nf3 Ra1 68. Rd2 Rf1 69. Ke4 Kh7 70. Re2 Kg8 71. Re1 Rf2 72.
Ne5 Rf8 73. Nxg6 Rf2 74. Nf4 g6 75. Nxg6 Kg7 76. Nf4 1-0

[Event "Cultural Village Chess Tournament 2007"]
[Site "Wijk aan Zee"]
[Date "2007.11.27"]
[Round "8.4"]
[White "Van Oosterom, Chiel"]
[Black "Armas, Julius"]
[Result "1-0"]
[WhiteElo "2401"]
[BlackElo "2366"]
[PlyCount "63"]
[EventDate "2007.11.19"]
[EventType "tourn"]
[EventRounds "9"]
[EventCountry "NED"]
[Source "lmi"]
[SourceDate "2007.11.19"]

1. e4 c5 2. Nf3 d6 3. d4 Nf6 4. Nc3 cxd4 5. Nxd4 a6 6. Be3 e5 7. Nb3 Be6 8. f4
exf4 9. Bxf4 Nc6 10. Qe2 Be7 11. h3 Qc7 12. O-O-O O-O 13. g4 Rfc8 14. g5 Nd7
15. h4 Nb4 16. Kb1 Ne5 17. Bh3 Qc4 18. Qg2 a5 19. Bxe6 Qxe6 20. Nd4 Qg4 21. Qf2
g6 22. a3 Nbc6 23. Nd5 Bd8 24. Nb5 Nc4 25. b3 N6e5 26. bxc4 Nxc4 27. a4 Ra6 28.
h5 Rac6 29. hxg6 fxg6 30. Rdf1 Qe6 31. Bc1 Be7 32. Nd4 1-0

[Event "Cultural Village Chess Tournament 2007"]
[Site "Wijk aan Zee"]
[Date "2007.11.27"]
[Round "8.5"]
[White "Brandenburg, Daan"]
[Black "Reinderman, Dimitri"]
[Result "1/2-1/2"]
[WhiteElo "2483"]
[BlackElo "2510"]
[PlyCount "80"]
[EventDate "2007.11.19"]
[EventType "tourn"]
[EventRounds "9"]
[EventCountry "NED"]
[Source "lmi"]
[SourceDate "2007.11.19"]

1. e4 c5 2. Nf3 Nc6 3. d4 cxd4 4. Nxd4 Nf6 5. Nc3 e5 6. Ndb5 d6 7. Bg5 a6 8.
Na3 b5 9. Bxf6 gxf6 10. Nd5 f5 11. Bd3 Be6 12. O-O Bxd5 13. exd5 Ne7 14. Re1
Bg7 15. c3 O-O 16. Qh5 e4 17. Bf1 Qc8 18. Rad1 Re8 19. Nc2 Ng6 20. g3 f4 21.
Nd4 Bxd4 22. Rxd4 Re5 23. Qh6 fxg3 24. hxg3 Qe8 25. g4 Ra7 26. Bg2 Rae7 27. Re3
Qc8 28. Qh3 Nf4 29. Qg3 Nxg2 30. Qxg2 Qe8 31. Kf1 f6 32. b3 Qg6 33. c4 b4 34.
Qg3 Qg5 35. Qg2 Kf7 36. Rdxe4 Rxe4 37. Rxe4 Qc1+ 38. Ke2 Qc2+ 39. Ke3 Qc3+ 40.
Ke2 Qc2+ 1/2-1/2

[Event "Cultural Village Chess Tournament 2007"]
[Site "Wijk aan Zee"]
[Date "2007.11.28"]
[Round "9.1"]
[White "Reinderman, Dimitri"]
[Black "Willemze, Thomas"]
[Result "1/2-1/2"]
[WhiteElo "2510"]
[BlackElo "2417"]
[PlyCount "47"]
[EventDate "2007.11.19"]
[EventType "tourn"]
[EventRounds "9"]
[EventCountry "NED"]
[Source "lmi"]
[SourceDate "2007.11.19"]

1. e4 e6 2. d4 d5 3. Nc3 Nf6 4. e5 Nfd7 5. f4 c5 6. Nf3 a6 7. Be3 Qb6 8. a3 Nc6
9. Be2 Qa7 10. Qd2 b5 11. Nd1 cxd4 12. Nxd4 Nxd4 13. Bxd4 Bc5 14. c3 Nb8 15.
Bxc5 Qxc5 16. b4 Qc7 17. a4 bxa4 18. Rxa4 Bb7 19. O-O O-O 20. Ne3 Nd7 21. Rfa1
f6 22. Bxa6 fxe5 23. fxe5 Nxe5 24. Bxb7 1/2-1/2

[Event "Cultural Village Chess Tournament 2007"]
[Site "Wijk aan Zee"]
[Date "2007.11.28"]
[Round "9.2"]
[White "Armas, Julius"]
[Black "Brandenburg, Daan"]
[Result "1/2-1/2"]
[WhiteElo "2366"]
[BlackElo "2483"]
[PlyCount "35"]
[EventDate "2007.11.19"]
[EventType "tourn"]
[EventRounds "9"]
[EventCountry "NED"]
[Source "lmi"]
[SourceDate "2007.11.19"]

1. e4 c5 2. d3 e6 3. g3 d5 4. Qe2 Be7 5. Bg2 Nc6 6. c3 Nf6 7. e5 Nd7 8. f4 b5
9. Nf3 a5 10. O-O Nb6 11. Be3 Ba6 12. Qf2 Rc8 13. Nbd2 Na4 14. Nb3 b4 15. c4
dxc4 16. dxc4 Bxc4 17. Rfc1 Bd5 18. Nxc5 1/2-1/2

[Event "Cultural Village Chess Tournament 2007"]
[Site "Wijk aan Zee"]
[Date "2007.11.28"]
[Round "9.3"]
[White "Vasilev, Milen"]
[Black "Van Oosterom, Chiel"]
[Result "1-0"]
[WhiteElo "2465"]
[BlackElo "2401"]
[PlyCount "93"]
[EventDate "2007.11.19"]
[EventType "tourn"]
[EventRounds "9"]
[EventCountry "NED"]
[Source "lmi"]
[SourceDate "2007.11.19"]

1. d4 f5 2. Nf3 Nf6 3. g3 g6 4. Bg2 Bg7 5. c4 O-O 6. b4 c6 7. O-O Ne4 8. Bb2 a5
9. b5 cxb5 10. cxb5 a4 11. Na3 d5 12. Rc1 Be6 13. Ne5 Nd7 14. Nd3 g5 15. Qc2
Qe8 16. f3 Nd6 17. Nc5 Qg6 18. e3 Nb6 19. Rfe1 Bc8 20. Nd3 Nbc4 21. Ne5 Nxe5
22. dxe5 Nf7 23. f4 e6 24. Qf2 Nh6 25. h3 g4 26. h4 Qe8 27. Rc7 Rf7 28. Rec1
Bf8 29. Bf1 b6 30. Qc2 Bc5 31. Rxc5 bxc5 32. Qxc5 Bb7 33. Qd4 Re7 34. b6 Rc8
35. Nb5 Rxc1 36. Bxc1 Bc6 37. Qc5 Nf7 38. Ba3 Rb7 39. Nc7 Qb8 40. Qxc6 Rxb6 41.
Qxa4 Rb1 42. Nxe6 Rxf1+ 43. Kxf1 Qb1+ 44. Ke2 Qxa2+ 45. Kd1 Qa1+ 46. Kd2 Qa2+
47. Qc2 1-0

[Event "Cultural Village Chess Tournament 2007"]
[Site "Wijk aan Zee"]
[Date "2007.11.28"]
[Round "9.5"]
[White "Den Heeten, Djurre"]
[Black "Rogozenko, Dorian"]
[Result "1-0"]
[WhiteElo "2258"]
[BlackElo "2519"]
[PlyCount "103"]
[EventDate "2007.11.19"]
[EventType "tourn"]
[EventRounds "9"]
[EventCountry "NED"]
[Source "lmi"]
[SourceDate "2007.11.19"]

1. d4 c5 2. c3 Nf6 3. Bg5 Ne4 4. Bf4 d5 5. e3 Nc6 6. f3 Nf6 7. Nd2 g6 8. Bd3
Bg7 9. Ne2 O-O 10. O-O b6 11. Bg5 Qc7 12. f4 Ng4 13. Rf3 f6 14. Bh4 e5 15. fxe5
fxe5 16. e4 exd4 17. Bg3 Nce5 18. Rxf8+ Bxf8 19. cxd4 cxd4 20. Qb3 Be6 21. Nf4
Bf7 22. Nxd5 Qd7 23. Be2 Bg7 24. Rf1 Be6 25. Nc4 Bxd5 26. exd5 Qxd5 27. h3 Ne3
28. Nxe5 Qxb3 29. axb3 Nxf1 30. Bc4+ Kf8 31. Kxf1 Rc8 32. Nd3 Ke7 33. Bf4 Rf8
34. Ke2 Rf5 35. b4 Rf8 36. b5 Kd7 37. b3 h6 38. Bg3 g5 39. Bd5 Rf5 40. Nb4 Bf8
41. Bc6+ Ke6 42. Nc2 Bg7 43. Kd3 Rf8 44. Nxd4+ Ke7 45. Bd5 Rf1 46. Ke2 Rf8 47.
Nc6+ Kd7 48. Nxa7 Rf5 49. Be4 Rf6 50. Nc6 Bf8 51. Be5 Rf7 52. Bg6 1-0